[Event "Titled Tuesday intern op 26th Sep Late"]
[Site "Chess.com INT"]
[Date "2023.09.26"]
[Round "5"]
[White "Ardito, Andrew"]
[Black "Hajiyev, Kanan"]
[Result "0-1"]
[WhiteElo "2125"]
[BlackElo "2113"]
[PlyCount "108"]
[EventDate "2023.09.26"]
[EventType "swiss (blitz)"]
[EventRounds "11"]
[EventCountry "USA"]
[SourceTitle "EXT 2024"]
[Source "ChessBase"]
[SourceDate "2023.10.10"]
[SourceVersion "1"]
[SourceVersionDate "2023.10.10"]
[SourceQuality "1"]

1. e4 c6 2. d4 d5 3. e5 a6 4. f4 Nh6 5. Nf3 Bg4 6. h3 Bxf3 7. Qxf3 e6 8. Bd3 c5 9. c3 Nc6 10. Qf2 cxd4 11. cxd4 Nb4 12. Ke2 Qb6 13. Nc3 Nxd3 14. Kxd3 Bb4 15. g4 Rc8 16. Bd2 0-0 17. f5 Bxc3 18. bxc3 exf5 19. gxf5 Kh8 20. f6 Qb5+ 21. Kc2 Qa4+ 22. Kd3 Rg8 23. Rhg1 Qb5+ 24. Kc2 Qa4+ 25. Kc1 Qa3+ 26. Kd1 Qa4+ 27. Ke1 Qc6 28. Qf4 gxf6 29. Kf2 fxe5 30. Qxh6 Qxh6 31. Bxh6 e4 32. Bg5 Rg6 33. Ke3 Rxc3+ 34. Kf4 Rf3+ 35. Ke5 f6+ 36. Bxf6+ Rfxf6 37. Kxd5 Rf5+ 38. Kxe4 Rh5 39. Rxg6 hxg6 40. Rg1 Kg7 41. Rg3 Kf6 42. Rf3+ Ke6 43. Kd3 Rh4 44. Kc4 b5+ 45. Kc5 Rh5+ 46. Kb6 Rd5 47. Kxa6 b4 48. Rd3 Kf5 49. Kb6 Ke4 50. Rg3 g5 51. Rg4+ Kd3 52. Kc6 Kc4 53. h4 gxh4 54. Rxh4 Rf5 0-1

[Event "Titled Tuesday intern op 26th Sep Late"]
[Site "Chess.com INT"]
[Date "2023.09.26"]
[Round "1"]
[White "Grinev, Valeriy"]
[Black "Ardito, Andrew"]
[Result "1-0"]
[WhiteElo "2418"]
[BlackElo "2125"]
[PlyCount "49"]
[EventDate "2023.09.26"]
[EventType "swiss (blitz)"]
[EventRounds "11"]
[EventCountry "USA"]
[SourceTitle "EXT 2024"]
[Source "ChessBase"]
[SourceDate "2023.10.10"]
[SourceVersion "1"]
[SourceVersionDate "2023.10.10"]
[SourceQuality "1"]

1. d4 Nf6 2. c4 d6 3. Nc3 g6 4. Nf3 Bg7 5. e4 0-0 6. Be2 e5 7. 0-0 Nc6 8. d5 Ne7 9. b4 Ne8 10. c5 f5 11. Nd2 c6 12. Nc4 fxe4 13. cxd6 Nxd6 14. dxc6 Nf7 15. Qxd8 Nxd8 16. c7 Ne6 17. Nb5 Bd7 18. a4 Bxb5 19. axb5 Nxc7 20. b6 axb6 21. Rxa8 Rxa8 22. Nxb6 Ra1 23. Bg5 Rxf1+ 24. Kxf1 Ned5 25. Nxd5 1-0

[Event "Titled Tuesday intern op 12th Sep Late"]
[Site "Chess.com INT"]
[Date "2023.09.12"]
[Round "1"]
[White "Ardito, Andrew"]
[Black "Sivakumar, Shaaketh"]
[Result "0-1"]
[WhiteElo "2125"]
[BlackElo "2355"]
[PlyCount "76"]
[EventDate "2023.09.12"]
[EventType "swiss (blitz)"]
[EventRounds "11"]
[EventCountry "USA"]
[SourceTitle "EXT 2024"]
[Source "ChessBase"]
[SourceDate "2023.10.10"]
[SourceVersion "1"]
[SourceVersionDate "2023.10.10"]
[SourceQuality "1"]

1. e4 e6 2. d4 d5 3. Nc3 Bb4 4. Nge2 Nf6 5. e5 Nfd7 6. a3 Be7 7. f4 c5 8. Be3 Nc6 9. dxc5 Bxc5 10. Nd4 0-0 11. Na4 Bxd4 12. Bxd4 Nxd4 13. Qxd4 f6 14. 0-0-0 fxe5 15. fxe5 Qg5+ 16. Kb1 Qxe5 17. Bb5 Qxd4 18. Rxd4 Nf6 19. Re1 a6 20. Nb6 Rb8 21. Bd3 Re8 22. Re5 Bd7 23. c4 Bc6 24. g4 Rbd8 25. g5 Nd7 26. Nxd7 Rxd7 27. g6 hxg6 28. Bxg6 Ree7 29. c5 Rd8 30. Rh4 Be8 31. Bh7+ Kf8 32. Bd3 g6 33. Rg5 Kg7 34. Rhg4 Kf6 35. Bxg6 Rg7 36. h4 Rxg6 37. Rf4+ Kg7 38. Re5 Rg1+ 0-1

[Event "Titled Tuesday intern op 12th Sep Late"]
[Site "Chess.com INT"]
[Date "2023.09.12"]
[Round "2"]
[White "Kostic, V Vladimir"]
[Black "Ardito, Andrew"]
[Result "1-0"]
[WhiteElo "2022"]
[BlackElo "2125"]
[PlyCount "101"]
[EventDate "2023.09.12"]
[EventType "swiss (blitz)"]
[EventRounds "11"]
[EventCountry "USA"]
[SourceTitle "EXT 2024"]
[Source "ChessBase"]
[SourceDate "2023.10.10"]
[SourceVersion "1"]
[SourceVersionDate "2023.10.10"]
[SourceQuality "1"]

1. e4 Nf6 2. e5 Ng8 3. Nf3 d6 4. d4 Bg4 5. Bc4 d5 6. Be2 e6 7. h3 Bxf3 8. Bxf3 c5 9. c3 Nc6 10. Be3 Nge7 11. g4 Ng6 12. 0-0 h5 13. gxh5 Nh4 14. Bg4 f5 15. exf6 Qxf6 16. Nd2 Bd6 17. Nf3 Kd7 18. Nxh4 Qxh4 19. Qf3 Raf8 20. Qxd5 Qxg4+ 21. hxg4 exd5 22. dxc5 Bf4 23. Rad1 Bxe3 24. Rxd5+ Ke6 25. Rd6+ Ke5 26. fxe3 Rxf1+ 27. Kxf1 Rf8+ 28. Ke2 Rf7 29. b4 a6 30. a4 Re7 31. Rg6 Kd5 32. g5 Kc4 33. h6 gxh6 34. gxh6 Rh7 35. Kd2 Rd7+ 36. Rd6 Rh7 37. e4 Ne5 38. Re6 Nf3+ 39. Ke3 Ng5 40. Rg6 Nf7 41. Rg7 Rxh6 42. Rxf7 Rh3+ 43. Kf4 Rh4+ 44. Ke5 Rh5+ 45. Kd6 Rh6+ 46. Kc7 Kxc3 47. Kxb7 Kxb4 48. c6 Kxa4 49. c7 Kb5 50. c8Q Rb6+ 51. Ka7 1-0

[Event "Titled Tuesday intern op 05th Sep Late"]
[Site "Chess.com INT"]
[Date "2023.09.05"]
[Round "5"]
[White "Melikhov, Evgeny V"]
[Black "Ardito, Andrew"]
[Result "1-0"]
[WhiteElo "2208"]
[BlackElo "2125"]
[PlyCount "45"]
[EventDate "2023.09.05"]
[EventType "swiss (blitz)"]
[EventRounds "11"]
[EventCountry "USA"]
[SourceTitle "EXT 2024"]
[Source "ChessBase"]
[SourceDate "2023.10.10"]
[SourceVersion "1"]
[SourceVersionDate "2023.10.10"]
[SourceQuality "1"]

1. d4 Nf6 2. c4 g6 3. Nc3 c6 4. e4 d6 5. f3 Bg7 6. Be3 a6 7. Bd3 b5 8. Nge2 Nbd7 9. 0-0 e5 10. d5 cxd5 11. cxd5 0-0 12. b4 Nb6 13. a4 Nc4 14. Bxc4 bxc4 15. b5 axb5 16. axb5 Bd7 17. b6 Rxa1 18. Qxa1 Qb8 19. Qa7 Rc8 20. Ra1 h5 21. b7 Re8 22. Qxb8 Rxb8 23. Ra8 1-0

[Event "Titled Tuesday intern op 01st Aug Late"]
[Site "Chess.com INT"]
[Date "2023.08.01"]
[Round "2"]
[White "Ardito, Andrew"]
[Black "Ingunza Curro, Andres"]
[Result "0-1"]
[WhiteElo "2125"]
[BlackElo "2333"]
[PlyCount "64"]
[EventDate "2023.08.01"]
[EventType "swiss (blitz)"]
[EventRounds "11"]
[EventCountry "USA"]
[SourceTitle "EXT 2024"]
[Source "ChessBase"]
[SourceDate "2023.10.10"]
[SourceVersion "1"]
[SourceVersionDate "2023.10.10"]
[SourceQuality "1"]

1. e4 d6 2. d4 Nf6 3. Nc3 c6 4. Nf3 Nbd7 5. e5 Ng8 6. Bc4 d5 7. Bd3 e6 8. 0-0 Be7 9. Ne2 c5 10. c3 h5 11. c4 dxc4 12. Bxc4 Nb6 13. Bb3 Nh6 14. Ng3 h4 15. Nh5 Nf5 16. dxc5 Qxd1 17. Rxd1 Bxc5 18. Nf4 Bd7 19. Ng5 Bc6 20. a4 Nd7 21. Nxf7 Kxf7 22. Bxe6+ Ke7 23. Bxf5 Nxe5 24. Re1 Kf6 25. Bc2 Rae8 26. Be3 Bxe3 27. Rxe3 Ng4 28. Rc3 Rd8 29. Ne2 Rd2 30. Rf3+ Bxf3 31. gxf3 Rxc2 32. Nf4 Ne5 0-1

[Event "Titled Tuesday intern op 28th Mar Late"]
[Site "Chess.com INT"]
[Date "2023.03.28"]
[Round "3"]
[White "Shkuran, Danylo"]
[Black "Ardito, Andrew"]
[Result "1-0"]
[WhiteElo "2329"]
[BlackElo "2125"]
[PlyCount "71"]
[EventDate "2023.03.28"]
[EventType "swiss (blitz)"]
[EventRounds "11"]
[EventCountry "USA"]
[SourceTitle "EXT 2024"]
[Source "ChessBase"]
[SourceDate "2023.10.10"]
[SourceVersion "1"]
[SourceVersionDate "2023.10.10"]
[SourceQuality "1"]

1. d4 Nf6 2. c4 g6 3. Nc3 Bg7 4. e4 d6 5. f3 0-0 6. Be3 e5 7. Nge2 Nc6 8. Qd2 exd4 9. Nxd4 Re8 10. Be2 a5 11. 0-0 Nd7 12. a3 Nc5 13. Rad1 Nxd4 14. Bxd4 Nb3 15. Qe3 Nxd4 16. Rxd4 Bxd4 17. Qxd4 Qg5 18. Rd1 Bh3 19. Bf1 Re7 20. Nd5 Re5 21. f4 Rxd5 22. cxd5 Qg4 23. Rd3 Bxg2 24. Bxg2 Qxf4 25. Rf3 Qc1+ 26. Rf1 Qg5 27. Qf6 Qxf6 28. Rxf6 Kg7 29. Rf2 Re8 30. Rc2 Re7 31. Kf2 f5 32. exf5 gxf5 33. Kf3 Kf6 34. Kf4 h6 35. Bf3 Rg7 36. Re2 1-0

[Event "Stamford Eastern op 19th"]
[Site "Stamford"]
[Date "2015.11.07"]
[Round "2"]
[White "Bonin, Jay R"]
[Black "Ardito, Andrew"]
[Result "1-0"]
[WhiteElo "2437"]
[BlackElo "2172"]
[PlyCount "53"]
[EventDate "2015.11.06"]
[EventType "swiss"]
[EventRounds "5"]
[EventCountry "USA"]
[SourceTitle "EXT 2018"]
[Source "ChessBase"]
[SourceDate "2017.10.13"]
[SourceVersion "1"]
[SourceVersionDate "2017.10.13"]
[SourceQuality "1"]

1. d4 Nf6 2. Nf3 e6 3. c4 c5 4. d5 exd5 5. cxd5 d6 6. Nc3 Be7 7. h3 0-0 8. e4 Bd7 9. Nd2 Na6 10. Bxa6 bxa6 11. 0-0 Rb8 12. Re1 Re8 13. Nc4 Bb5 14. Ne3 Qc7 15. Nf5 Bf8 16. Bg5 Bd7 17. Nh6+ gxh6 18. Bxf6 Bg7 19. Qf3 Re5 20. Qg3 Rg5 21. Bxg5 hxg5 22. Qxg5 Rxb2 23. Re3 h6 24. Qe7 Be5 25. Rf3 f6 26. Rxf6 Bxf6 27. Qxf6 1-0